Chiloé y su influjo en la XI Región: II Jornadas Territoriales

Αποθηκεύτηκε σε:
Λεπτομέρειες βιβλιογραφικής εγγραφής
Συγγραφή απο Οργανισμό/Αρχή: Instituto de Investigaciones del Patrimonio Territorial de Chile (Συγγραφέας)
Μορφή: Βιβλίο
Γλώσσα:Ισπανικά
Έκδοση: Santiago El Instituto 1988
Σειρά:Colección terra nostra, 12
Θέματα:
Ετικέτες: Προσθήκη ετικέτας
Δεν υπάρχουν, Καταχωρήστε ετικέτα πρώτοι!

MARC

LEADER 00000nam a2200000 a 4500
001 UCX2200
003 CL-VaPUC
005 20220315074410.0
008 910401e19880000cl 1 spa d
082 0 4 |a 983.56  |b INS  |2 21 
110 2 |a Instituto de Investigaciones del Patrimonio Territorial de Chile  |e author  |9 616826 
245 1 0 |a Chiloé y su influjo en la XI Región: II Jornadas Territoriales 
260 |a Santiago  |b El Instituto  |c 1988 
300 |a 282 p 
490 0 |a Colección terra nostra, 12 
583 |a last modification  |c 19910401 00:00:00  |k Rodrigo Vera 
650 0 0 |a Congresos  |9 257560 
651 7 |a ISLA DE CHILOE, CHILE  |2 CL-VaPUC  |9 616827 
942 |c BK 
945 |d 19910401 00:00:00 
546 |a En Español 
536 |a Instituto de Investigaciones del Patrimonio Territorial de Chile 
518 |p Jornadas Territoriales, 2 
999 |c 382129  |d 382127 
952 |0 0  |1 0  |4 0  |6 983_560000000000000_INS_1988  |7 0  |8 A  |9 503675  |a BIBHIS  |b BIBHIS  |d 2020-01-23  |i 2876957  |o 983.56 INS 1988  |p 2876957  |r 2025-01-20  |w 2020-01-23  |y BK  |k HIS